| 000 | 00549nam a22002057a 4500 | ||
|---|---|---|---|
| 003 | OSt | ||
| 005 | 20140310182904.0 | ||
| 008 | 130126t xxu||||| |||| 00| 0 eng d | ||
| 020 | _a9715115500 | ||
| 050 |
_aBR 1702 _b.Sa159 1998 |
||
| 082 |
_aFIL 270.92 _bSa3 1998 |
||
| 245 |
_aHeroes : people who made a difference in our world _cSala, Harold J. |
||
| 260 |
_aManila: _bOMF Literature, Inc., _cc1998. |
||
| 300 |
_a317 p _c20 cm |
||
| 521 | _aCollege | ||
| 526 | _c1210L-1700L | ||
| 541 | _j1 | ||
| 562 | _e1 | ||
| 942 |
_2lcc _cBK _kFIL |
||
| 999 |
_c17136 _d17136 |
||